[Event "SUI-ch"]
[Site "Scuol"]
[Date "2001.07.18"]
[Round "7"]
[White "Summermatter, Daniel"]
[Black "Umbach, Andreas"]
[Result "1/2-1/2"]
[WhiteElo "2340"]
[BlackElo "2174"]
[PlyCount "76"]
[EventDate "2001.07.12"]
[EventType "swiss"]
[EventRounds "9"]
[EventCountry "SUI"]
[SourceTitle "CBM 083 Extra"]
[Source "ChessBase"]
[SourceDate "2001.09.11"]
[SourceVersion "1"]
[SourceVersionDate "2001.09.11"]
[SourceQuality "1"]

1. Nf3 Nf6 2. c4 g6 3. Nc3 Bg7 4. d4 0-0 5. Bg5 d6 6. e3 c5 7. d5 Na6 8. Nd2 Nc7 9. e4 e6 10. a4 Re8 11. Be2 b6 12. 0-0 Rb8 13. f4 exd5 14. cxd5 a6 15. Nc4 b5 16. Nxd6 Qxd6 17. e5 Qd7 18. exf6 Bf8 19. axb5 axb5 20. f5 b4 21. fxg6 hxg6 22. Nb1 Qxd5 23. Bf4 Qe4 24. Bxc7 Rb7 25. Bf4 Rd7 26. Nd2 Qxe2 27. Qxe2 Rxe2 28. Rf2 Re8 29. Kf1 Bb7 30. g3 Bd6 31. Bxd6 Rxd6 32. Ra7 Bc6 33. Rc7 Ree6 34. Rc8+ Kh7 35. Rc7 Kg8 36. Rc8+ Kh7 37. Rc7 Kg8 38. Rc8+ Kh7 1/2-1/2

[Event "SUI-ch"]
[Site "Scuol"]
[Date "2001.07.14"]
[Round "3"]
[White "Horvath, Tamas"]
[Black "Summermatter, Daniel"]
[Result "1-0"]
[WhiteElo "2353"]
[BlackElo "2340"]
[PlyCount "69"]
[EventDate "2001.07.12"]
[EventType "swiss"]
[EventRounds "9"]
[EventCountry "SUI"]
[SourceTitle "CBM 083 Extra"]
[Source "ChessBase"]
[SourceDate "2001.09.11"]
[SourceVersion "1"]
[SourceVersionDate "2001.09.11"]
[SourceQuality "1"]

1. e4 c5 2. Nf3 Nc6 3. d4 cxd4 4. Nxd4 Nf6 5. Nc3 d6 6. Bg5 Bd7 7. Qd2 Rc8 8. f4 h6 9. Bxf6 gxf6 10. Nf5 Qa5 11. Ne3 a6 12. Bd3 Qc5 13. 0-0 e6 14. Kh1 Be7 15. Ne2 h5 16. c3 h4 17. b4 Qa7 18. a4 Bd8 19. Bc2 Ne7 20. Nd4 Ng6 21. Bb3 Bb6 22. f5 Rxc3 23. Nec2 Rxb3 24. fxg6 Rg3 25. gxf7+ Kxf7 26. hxg3 hxg3+ 27. Kg1 e5 28. Ra3 Rg8 29. Rxf6+ Kxf6 30. Qh6+ Ke7 31. Qh7+ Kd8 32. Qxg8+ Kc7 33. Rc3+ Bc6 34. Qf7+ Kd8 35. Rxg3 1-0

[Event "SUI-chT"]
[Site "Switzerland"]
[Date "2000.??.??"]
[Round "?"]
[White "Ekstroem, Roland"]
[Black "Summermatter, Daniel"]
[Result "0-1"]
[WhiteElo "2498"]
[BlackElo "2321"]
[PlyCount "61"]
[EventDate "2000.02.??"]
[EventType "team-tourn"]
[EventRounds "9"]
[EventCountry "SUI"]
[SourceTitle "EXT 2001"]
[Source "ChessBase"]
[SourceDate "2000.11.22"]
[SourceVersion "1"]
[SourceVersionDate "2000.11.22"]
[SourceQuality "1"]

1. Nf3 Nf6 2. c4 g6 3. b3 Bg7 4. Bb2 0-0 5. g3 d6 6. d4 c6 7. Bg2 Qa5+ 8. Nc3 Na6 9. Qd2 Rb8 10. 0-0 Qh5 11. d5 Bh3 12. Rfd1 Nc5 13. b4 Nce4 14. Nxe4 Nxe4 15. Qc2 Bxb2 16. Qxb2 Bxg2 17. Kxg2 cxd5 18. Rxd5 f5 19. Rc1 b6 20. Rd3 Rf6 21. Qd4 g5 22. Ra3 a5 23. bxa5 Rh6 24. a6 Qh3+ 25. Kg1 g4 26. a7 Ra8 27. Rd1 gxf3 28. exf3 Qxh2+ 29. Kf1 Re6 30. Ke1 Qg1+ 31. Ke2 0-1

[Event "SUI-chT"]
[Site "Switzerland"]
[Date "2000.??.??"]
[Round "?"]
[White "Masserey, Yvan"]
[Black "Summermatter, Daniel"]
[Result "0-1"]
[WhiteElo "2303"]
[BlackElo "2321"]
[PlyCount "108"]
[EventDate "2000.02.??"]
[EventType "team-tourn"]
[EventRounds "9"]
[EventCountry "SUI"]
[SourceTitle "EXT 2001"]
[Source "ChessBase"]
[SourceDate "2000.11.22"]
[SourceVersion "1"]
[SourceVersionDate "2000.11.22"]
[SourceQuality "1"]

1. e4 c5 2. Nf3 Nc6 3. d4 cxd4 4. Nxd4 Nf6 5. Nc3 d6 6. f4 g6 7. Be2 Nxd4 8. Qxd4 Bg7 9. 0-0 0-0 10. Qe3 Bd7 11. a4 Qc7 12. Bf3 a6 13. h3 Be6 14. Qf2 Rac8 15. Be3 Nd7 16. Ra3 Qa5 17. Nd1 Rc4 18. Bd2 Qc7 19. c3 Nc5 20. f5 Bc8 21. Ne3 Nxe4 22. Bxe4 Rxe4 23. f6 exf6 24. Nd5 Qc5 25. Qxc5 dxc5 26. Nxf6+ Bxf6 27. Rxf6 Rd8 28. Rf2 Bd7 29. a5 Bc6 30. Ra1 f5 31. Bf4 Rd7 32. Bh6 Rd3 33. Kh2 c4 34. Bf4 Kf7 35. Bc7 Ke6 36. Raf1 h5 37. Bb6 Kd7 38. Rf4 Rxf4 39. Rxf4 Be4 40. Rf2 Kc6 41. Re2 Kb5 42. g4 Ka4 43. gxh5 gxh5 44. h4 Kb3 45. Bc5 Bc6 46. Rf2 Be4 47. Be7 Rd5 48. Bb4 Rd1 49. Re2 Bc6 50. Rf2 Be4 51. Re2 Rh1+ 52. Kg3 Rg1+ 53. Kh3 Rf1 54. Ba3 Bc6 0-1

[Event "SUI-chT"]
[Site "Switzerland"]
[Date "2000.??.??"]
[Round "?"]
[White "Summermatter, Daniel"]
[Black "Almada, Enrique"]
[Result "1-0"]
[WhiteElo "2321"]
[BlackElo "2321"]
[PlyCount "103"]
[EventDate "2000.02.??"]
[EventType "team-tourn"]
[EventRounds "9"]
[EventCountry "SUI"]
[SourceTitle "EXT 2001"]
[Source "ChessBase"]
[SourceDate "2000.11.22"]
[SourceVersion "1"]
[SourceVersionDate "2000.11.22"]
[SourceQuality "1"]

1. Nf3 Nf6 2. g3 b6 3. Bg2 Bb7 4. 0-0 e6 5. d3 d5 6. Nbd2 Be7 7. e4 c5 8. Re1 0-0 9. e5 Nfd7 10. h4 Nc6 11. Nf1 Re8 12. N1h2 Bf8 13. Bf4 f5 14. g4 Ne7 15. h5 Qc8 16. d4 fxg4 17. Nxg4 Nf5 18. c3 Be7 19. Ne3 Rf8 20. Bh3 Qe8 21. Nxf5 exf5 22. Nh2 cxd4 23. cxd4 Bb4 24. Re3 Qe6 25. Rg3 Be7 26. Nf1 Bh4 27. Rg2 Rf7 28. Ne3 Raf8 29. Kh2 Nb8 30. Qd2 Nc6 31. Rag1 Ne7 32. Qd1 Kh8 33. Bg5 Bxg5 34. Rxg5 Qh6 35. f4 g6 36. Qf3 Bc8 37. Rc1 Be6 38. Rc7 Qg7 39. Rg1 Ng8 40. Rc6 Re7 41. Nxd5 Bxd5 42. Qxd5 Rd7 43. Rd6 Rxd6 44. Qxd6 Qh6 45. e6 Ne7 46. d5 Qg7 47. Bg2 Kg8 48. Qe5 Qh6 49. Bf3 Rc8 50. Rg5 Rc2+ 51. Kg3 Qg7 52. d6 1-0

[Event "SUI-chT"]
[Site "Switzerland"]
[Date "1999.??.??"]
[Round "5.3"]
[White "Landenbergue, Claude"]
[Black "Summermatter, Daniel"]
[Result "1/2-1/2"]
[WhiteElo "2420"]
[BlackElo "2336"]
[PlyCount "30"]
[EventDate "1999.01.??"]
[EventType "team-tourn"]
[EventRounds "9"]
[EventCountry "SUI"]
[SourceTitle "EXT 2001"]
[Source "ChessBase"]
[SourceDate "2000.11.22"]
[SourceVersion "1"]
[SourceVersionDate "2000.11.22"]
[SourceQuality "1"]

1. e4 c5 2. Nf3 Nc6 3. Bb5 g6 4. Bxc6 bxc6 5. 0-0 Bg7 6. Re1 Nf6 7. Nc3 0-0 8. d3 d6 9. e5 Nd5 10. Ne4 Bg4 11. exd6 exd6 12. a3 Qd7 13. c4 Nc7 14. h3 Bxf3 15. Qxf3 f5 1/2-1/2

[Event "SUI-chT"]
[Site "Switzerland"]
[Date "1999.??.??"]
[Round "3.4"]
[White "Pelletier, Yannick"]
[Black "Summermatter, Daniel"]
[Result "1/2-1/2"]
[WhiteElo "2483"]
[BlackElo "2336"]
[PlyCount "51"]
[EventDate "1999.01.??"]
[EventType "team-tourn"]
[EventRounds "9"]
[EventCountry "SUI"]
[SourceTitle "EXT 2001"]
[Source "ChessBase"]
[SourceDate "2000.11.22"]
[SourceVersion "1"]
[SourceVersionDate "2000.11.22"]
[SourceQuality "1"]

1. c4 g6 2. d4 Bg7 3. Nf3 d6 4. Nc3 Nd7 5. e4 e5 6. Be2 h5 7. Bg5 f6 8. Be3 h4 9. Qd2 h3 10. Rg1 Nf8 11. 0-0-0 Bg4 12. gxh3 Bxf3 13. Bxf3 Rxh3 14. Bg4 Rxh2 15. Rh1 Rxh1 16. Rxh1 c6 17. f4 Nh6 18. Bh3 exf4 19. Bxf4 Nf7 20. Bg4 a6 21. Kb1 Qe7 22. Qg2 Nd8 23. Qg3 Nf7 24. Qg2 Nd8 25. Rd1 Nf7 26. Rh1 1/2-1/2

[Event "Bern Ambassador op"]
[Site "Bern"]
[Date "1998.12.28"]
[Round "4"]
[White "Summermatter, Daniel"]
[Black "Huss, Andreas"]
[Result "0-1"]
[WhiteElo "2315"]
[BlackElo "2355"]
[PlyCount "94"]
[EventDate "1998.12.??"]
[EventType "swiss"]
[EventRounds "7"]
[EventCountry "SUI"]
[SourceTitle "EXT 2000"]
[Source "ChessBase"]
[SourceDate "1999.11.16"]
[SourceVersion "1"]
[SourceVersionDate "1999.11.16"]
[SourceQuality "1"]

1. g3 d5 2. Bg2 c6 3. d3 e5 4. Nd2 Nf6 5. a3 Bc5 6. e3 Bg4 7. Ne2 0-0 8. h3 Be6 9. b4 Bd6 10. Bb2 a5 11. 0-0 Qb6 12. Nb3 axb4 13. axb4 Nbd7 14. c3 Rfd8 15. Qc2 h6 16. Nd2 Nf8 17. Rfb1 Rxa1 18. Bxa1 Qa6 19. Nc1 Qa8 20. Kh2 h5 21. e4 Ng6 22. Nf3 dxe4 23. dxe4 Bc4 24. Nd2 Be6 25. Nd3 h4 26. c4 Rd7 27. Bc3 Qd8 28. Nc5 Bxc5 29. bxc5 Nh5 30. Rg1 hxg3+ 31. fxg3 Qg5 32. Nf1 Qe7 33. Bf3 Nf6 34. Bb4 Rd4 35. Ne3 b6 36. Nf5 Bxf5 37. exf5 Nf8 38. Bc3 Rxc4 39. cxb6 Qc5 40. b7 N8d7 41. Rc1 e4 42. Bg2 Nd5 43. Qb2 Rxc3 44. b8Q+ Nxb8 45. Qxb8+ Kh7 46. Rf1 Rc2 47. Kh1 Rxg2 0-1

[Event "SUI-chT"]
[Site "Switzerland"]
[Date "1998.11.07"]
[Round "8.8"]
[White "Pernisco, Ermanno"]
[Black "Summermatter, Daniel"]
[Result "0-1"]
[WhiteElo "2255"]
[BlackElo "2315"]
[PlyCount "84"]
[EventDate "1998.03.29"]
[EventType "team-tourn"]
[EventRounds "9"]
[EventCountry "SUI"]
[SourceTitle "EXT 2006"]
[Source "ChessBase"]
[SourceDate "2005.11.24"]
[SourceVersion "1"]
[SourceVersionDate "2005.11.24"]
[SourceQuality "1"]

1. d4 Nf6 2. c4 e6 3. Nf3 c5 4. Nc3 cxd4 5. Nxd4 a6 6. e4 d6 7. Be2 Qc7 8. Be3 b6 9. 0-0 Bb7 10. f3 Nbd7 11. Qa4 Be7 12. Rfc1 0-0 13. Qd1 Rac8 14. Qf1 Qb8 15. a3 Rfe8 16. b4 Qa8 17. Na4 Bd8 18. Bf2 Kh8 19. Nb3 Qb8 20. Rab1 Bc7 21. g3 Bd8 22. c5 b5 23. Nc3 dxc5 24. Nxc5 Nxc5 25. bxc5 Be7 26. a4 Bxc5 27. axb5 a5 28. Na4 Ba3 29. Rd1 g5 30. g4 Bd6 31. Qg2 h5 32. h3 Rc2 33. Bd3 Ra2 34. Nc3 Ra3 35. Ne2 hxg4 36. hxg4 Kg7 37. Rbc1 Rd8 38. Bb1 Rb3 39. Nd4 Rb2 40. Nc6 Bxc6 41. bxc6 Bf4 42. Qf1 Bh2+ 0-1

[Event "Bern Ambassador op"]
[Site "Bern"]
[Date "1997.12.??"]
[Round "2"]
[White "Summermatter, Daniel"]
[Black "Wegmueller, Andreas"]
[Result "1-0"]
[WhiteElo "2308"]
[BlackElo "1940"]
[PlyCount "89"]
[EventDate "1997.12.??"]
[EventType "swiss"]
[EventRounds "7"]
[EventCountry "SUI"]
[SourceTitle "EXT 1999"]
[Source "ChessBase"]
[SourceDate "1998.11.16"]
[SourceVersion "1"]
[SourceVersionDate "1998.11.16"]
[SourceQuality "1"]

1. e4 e6 2. d4 d5 3. Nc3 Bb4 4. e5 c5 5. a3 Bxc3+ 6. bxc3 Ne7 7. a4 Qa5 8. Qd2 Nbc6 9. Nf3 b6 10. Bb5 Ba6 11. Rb1 cxd4 12. cxd4 Qxd2+ 13. Bxd2 Bxb5 14. axb5 Nd8 15. Ra1 a5 16. bxa6 Ndc6 17. Ke2 Nb8 18. Rhb1 Nc8 19. Bb4 Rxa6 20. Rxa6 Nxa6 21. Ba3 h6 22. Rb3 f5 23. exf6 gxf6 24. Ne1 Rg8 25. Rh3 Rh8 26. Nd3 Nc7 27. Nf4 Kf7 28. Rb3 e5 29. dxe5 fxe5 30. Nh5 e4 31. Rg3 Rg8 32. Rxg8 Kxg8 33. Bc1 Kh7 34. Bf4 Ne6 35. Nf6+ Kg6 36. Nxd5 Nxf4+ 37. Nxf4+ Kf5 38. Ke3 Nd6 39. Nd5 b5 40. Kd4 h5 41. h3 h4 42. g3 hxg3 43. fxg3 Ke6 44. g4 Kf7 45. Ke5 1-0

[Event "SUI-chT"]
[Site "Switzerland"]
[Date "1997.??.??"]
[Round "?"]
[White "Kiefer, Gerhard"]
[Black "Summermatter, Daniel"]
[Result "1-0"]
[WhiteElo "2250"]
[BlackElo "2320"]
[PlyCount "82"]
[EventDate "1997.??.??"]
[EventType "team-tourn"]
[EventRounds "9"]
[EventCountry "SUI"]
[SourceTitle "EXT 1999"]
[Source "ChessBase"]
[SourceDate "1998.11.16"]
[SourceVersion "1"]
[SourceVersionDate "1998.11.16"]
[SourceQuality "1"]

1. e4 c5 2. Nf3 e6 3. d4 cxd4 4. Nxd4 Nc6 5. Nc3 a6 6. Be2 Nge7 7. Be3 b5 8. 0-0 Nxd4 9. Qxd4 Nc6 10. Qd2 d6 11. Bg5 f6 12. Bf4 Be7 13. a4 b4 14. Na2 0-0 15. Rfd1 Qa5 16. Nc1 Rd8 17. Nb3 Qc7 18. a5 Qb7 19. Be3 Bf8 20. Bb6 Re8 21. f4 Kh8 22. Bf3 e5 23. f5 Qf7 24. Qe2 Bb7 25. Rd3 Rec8 26. Bh5 Qc4 27. Rc1 Ne7 28. Nd2 Qb5 29. Bf7 d5 30. Qh5 Qxd3 31. cxd3 Rxc1+ 32. Kf2 Rc2 33. Ke1 dxe4 34. dxe4 Bc6 35. Kd1 Rxb2 36. Kc1 Rxd2 37. Kxd2 Bxe4 38. Be6 g6 39. Qh4 Bxf5 40. Qxf6+ Bg7 41. Qxe7 Bh6+ 1-0

[Event "SUI-chT"]
[Site "Switzerland"]
[Date "1997.??.??"]
[Round "?"]
[White "Klauser, Markus"]
[Black "Summermatter, Daniel"]
[Result "1/2-1/2"]
[WhiteElo "2380"]
[BlackElo "2320"]
[PlyCount "74"]
[EventDate "1997.??.??"]
[EventType "team-tourn"]
[EventRounds "9"]
[EventCountry "SUI"]
[SourceTitle "EXT 1999"]
[Source "ChessBase"]
[SourceDate "1998.11.16"]
[SourceVersion "1"]
[SourceVersionDate "1998.11.16"]
[SourceQuality "1"]

1. d4 Nf6 2. c4 d6 3. Nc3 Nbd7 4. e4 e5 5. Nf3 g6 6. Be2 Bg7 7. Bg5 h6 8. Bh4 exd4 9. Nxd4 0-0 10. 0-0 Re8 11. f3 c6 12. Kh1 Qb6 13. Nb3 a5 14. Na4 Qb4 15. Nc1 d5 16. a3 Qd6 17. cxd5 cxd5 18. Nc3 Nb6 19. Bg3 Qd8 20. Nb5 Nh5 21. Bc7 Qf6 22. exd5 Bd7 23. Nd6 Na4 24. Nxe8 Rxe8 25. Qd2 Qxb2 26. Qxb2 Bxb2 27. Ra2 Nf6 28. Bd1 Be5 29. Bxe5 Rxe5 30. Bxa4 Bxa4 31. Rd2 Nxd5 32. Nd3 Re3 33. Re1 Rxe1+ 34. Nxe1 Bc6 35. Nd3 f6 36. Kg1 Kf7 37. Kf2 Nc3 1/2-1/2

[Event "SUI-chT"]
[Site "Switzerland"]
[Date "1996.??.??"]
[Round "3"]
[White "Campora, Daniel Hugo"]
[Black "Summermatter, Daniel"]
[Result "1-0"]
[WhiteElo "2545"]
[BlackElo "2315"]
[PlyCount "71"]
[EventDate "1996.??.??"]
[EventType "team-tourn"]
[EventRounds "9"]
[EventCountry "SUI"]
[SourceTitle "CBM 055 Extra"]
[Source "ChessBase"]
[SourceDate "1997.01.01"]
[SourceVersion "1"]
[SourceVersionDate "1997.01.01"]
[SourceQuality "1"]

1. e4 c5 2. f4 Qc7 3. d3 g6 4. Nf3 Bg7 5. g3 d6 6. Bg2 Nf6 7. 0-0 0-0 8. Nbd2 Nc6 9. c3 Rb8 10. h3 b6 11. g4 Ba6 12. Qe2 Rfd8 13. Rd1 b5 14. Nf1 Qc8 15. Ng3 Nd7 16. h4 Nf8 17. f5 e6 18. Bg5 exf5 19. gxf5 Re8 20. Bh3 d5 21. Qg2 Qb7 22. f6 Bh8 23. exd5 Nd8 24. Nh2 Qb6 25. Re1 c4+ 26. d4 Rxe1+ 27. Rxe1 Bxf6 28. Bxf6 Qxf6 29. Ng4 Qg7 30. Re8 b4 31. h5 bxc3 32. bxc3 h6 33. Ne4 Bb5 34. Ngf6+ Kh8 35. Bd7 Ba6 36. Kh2 1-0

[Event "SUI-chT"]
[Site "Switzerland"]
[Date "1996.??.??"]
[Round "7"]
[White "Huss, Andreas"]
[Black "Summermatter, Daniel"]
[Result "0-1"]
[WhiteElo "2365"]
[BlackElo "2315"]
[PlyCount "110"]
[EventDate "1996.??.??"]
[EventType "team-tourn"]
[EventRounds "9"]
[EventCountry "SUI"]
[SourceTitle "CBM 055 Extra"]
[Source "ChessBase"]
[SourceDate "1997.01.01"]
[SourceVersion "1"]
[SourceVersionDate "1997.01.01"]
[SourceQuality "1"]

1. d4 g6 2. e4 Bg7 3. Nf3 d6 4. Bd3 Nd7 5. 0-0 a6 6. a4 Rb8 7. Qe2 e5 8. c3 Ne7 9. Na3 0-0 10. Nc2 Qe8 11. dxe5 Nxe5 12. Nxe5 dxe5 13. a5 Bd7 14. Ne3 Nc8 15. b3 Nd6 16. Nd5 Bc6 17. c4 Qd8 18. Ba3 Re8 19. Rfd1 Bxd5 20. cxd5 Bf8 21. Bc1 f6 22. Be3 Nf7 23. Qd2 Bd6 24. Ra4 Qd7 25. Qc2 Rf8 26. Rc4 Rbe8 27. h4 Re7 28. g3 Kg7 29. Qd2 f5 30. exf5 gxf5 31. f4 Kg8 32. Kh2 Nh6 33. Be2 exf4 34. Bxf4 Rfe8 35. Bf3 Nf7 36. Kh3 Ne5 37. Rc3 Ng6 38. Bxd6 cxd6 39. Kg2 Qb5 40. Kh3 Qxa5 41. h5 Ne5 42. Qg5+ Rg7 43. Qe3 h6 44. Rdc1 Kh7 45. Qf4 Rf7 46. b4 Qd8 47. Bd1 Rg8 48. Bc2 Rg5 49. Bd1 Qf6 50. Be2 Qg7 51. Rc8 Rg4 52. Qe3 Re4 53. Qd2 Qg5 54. Qc2 Ng4 55. Rh1 Ne3 0-1

[Event "SUI-chT"]
[Site "Switzerland"]
[Date "1996.??.??"]
[Round "4"]
[White "Summermatter, Daniel"]
[Black "Maier, Christian"]
[Result "1/2-1/2"]
[WhiteElo "2315"]
[BlackElo "2340"]
[PlyCount "25"]
[EventDate "1996.??.??"]
[EventType "team-tourn"]
[EventRounds "9"]
[EventCountry "SUI"]
[SourceTitle "CBM 055 Extra"]
[Source "ChessBase"]
[SourceDate "1997.01.01"]
[SourceVersion "1"]
[SourceVersionDate "1997.01.01"]
[SourceQuality "1"]

1. d4 Nf6 2. Nf3 g6 3. Bg5 Bg7 4. Nbd2 0-0 5. e3 d6 6. Bc4 c6 7. 0-0 b5 8. Bb3 Nbd7 9. a4 Bb7 10. Qe2 a6 11. Rfd1 h6 12. Bh4 Qb6 13. c3 1/2-1/2

[Event "SUI-chT"]
[Site "Switzerland"]
[Date "1996.??.??"]
[Round "1"]
[White "Vezzosi, Paolo"]
[Black "Summermatter, Daniel"]
[Result "0-1"]
[WhiteElo "2310"]
[BlackElo "2315"]
[PlyCount "56"]
[EventDate "1996.??.??"]
[EventType "team-tourn"]
[EventRounds "9"]
[EventCountry "SUI"]
[SourceTitle "CBM 055 Extra"]
[Source "ChessBase"]
[SourceDate "1997.01.01"]
[SourceVersion "1"]
[SourceVersionDate "1997.01.01"]
[SourceQuality "1"]

1. e4 c5 2. Nf3 Nc6 3. d4 cxd4 4. Nxd4 Nf6 5. Nc3 d6 6. Be2 Nxd4 7. Qxd4 g6 8. Bg5 Bg7 9. Nd5 0-0 10. Bxf6 exf6 11. Qb4 f5 12. exf5 Bxf5 13. 0-0-0 Rc8 14. Bd3 Be6 15. Be4 b5 16. Rhe1 a5 17. Qd2 b4 18. Qf4 Rc4 19. Ne3 Rxe4 20. Qxe4 Qf6 21. Rxd6 Qxb2+ 22. Kd1 Bc3 23. Rf1 Qxa2 24. Nd5 Re8 25. f3 Kf8 26. Ne3 Bc4 27. Qxc4 Qb1+ 28. Ke2 Qxc2+ 0-1

[Event "Bodensee-Cup 1st"]
[Site "Germany"]
[Date "1995.??.??"]
[Round "?"]
[White "Riedel, Wolfgang"]
[Black "Summermatter, Daniel"]
[Result "1-0"]
[WhiteElo "2340"]
[BlackElo "2360"]
[PlyCount "103"]
[EventDate "1995.??.??"]
[EventType "team-tourn"]
[EventRounds "3"]
[EventCountry "GER"]
[SourceTitle "EXT 1999"]
[Source "ChessBase"]
[SourceDate "1998.11.16"]
[SourceVersion "1"]
[SourceVersionDate "1998.11.16"]
[SourceQuality "1"]
[WhiteTeam "Bayern Muenchen"]
[BlackTeam "Switzerland"]
[WhiteTeamCountry "GER"]
[BlackTeamCountry "SUI"]

1. d4 Nf6 2. c4 c5 3. d5 e6 4. Nc3 exd5 5. cxd5 Bd6 6. Nf3 0-0 7. g3 Bc7 8. Bg2 d6 9. 0-0 a6 10. a4 Re8 11. Nd2 Nbd7 12. Nc4 Ne5 13. Nxe5 Rxe5 14. e4 Re8 15. f3 Rb8 16. b3 b5 17. axb5 axb5 18. Bb2 Bd7 19. Qd2 Bb6 20. Kh1 Ra8 21. Ne2 Qe7 22. Rfe1 Rxa1 23. Rxa1 Rb8 24. g4 Ne8 25. g5 Qd8 26. f4 Ra8 27. Qc1 b4 28. Ng3 Rxa1 29. Qxa1 c4 30. bxc4 Qc8 31. Nh5 Bh3 32. Qf1 Bxg2+ 33. Kxg2 Qa6 34. Qe2 Qa2 35. Ng3 b3 36. e5 Bc5 37. exd6 Nxd6 38. Kh3 Kf8 39. Qe5 Ba3 40. Qxg7+ Ke8 41. Bf6 Kd7 42. Qf8 Kc7 43. Bd8+ Kb8 44. Qe7 b2 45. Qc7+ Ka8 46. Qc6+ Nb7 47. Qa4+ Kb8 48. Bb6 b1Q 49. Qe8+ Nd8 50. Qxd8+ Kb7 51. Qc7+ Ka6 52. Qa7# 1-0

[Event "SUI-chT"]
[Site "Switzerland"]
[Date "1995.??.??"]
[Round "7"]
[White "Schmidt Schaeffer, Sebastian"]
[Black "Summermatter, Daniel"]
[Result "1-0"]
[WhiteElo "2340"]
[BlackElo "2345"]
[PlyCount "81"]
[EventDate "1995.??.??"]
[EventType "team-tourn"]
[EventRounds "9"]
[EventCountry "SUI"]
[SourceTitle "CBM 049 Extra"]
[Source "ChessBase"]
[SourceDate "1996.01.01"]
[SourceVersion "1"]
[SourceVersionDate "1996.01.01"]
[SourceQuality "1"]

1. e4 c5 2. Nf3 e6 3. d4 cxd4 4. Nxd4 Nf6 5. Bd3 Nc6 6. Nxc6 dxc6 7. 0-0 e5 8. Nd2 Qc7 9. b3 Bg4 10. Be2 Be6 11. Bb2 Rd8 12. Bd3 Be7 13. Qf3 0-0 14. Qg3 Nd7 15. Bc4 Bxc4 16. Nxc4 f6 17. Ne3 Nc5 18. Nf5 Ne6 19. h4 Rfe8 20. h5 Bf8 21. Qg4 Kf7 22. g3 Rd2 23. Rac1 Qa5 24. Ne3 b5 25. a3 Red8 26. b4 Qb6 27. Rce1 R2d7 28. Qf5 g6 29. Qg4 a5 30. bxa5 Qxa5 31. f4 exf4 32. gxf4 Qb6 33. f5 gxf5 34. Qxf5 Nd4 35. Qxf6+ Kg8 36. Kh1 Bg7 37. Rg1 Rf7 38. Rxg7+ Rxg7 39. Nf5 Nxf5 40. exf5 Qc7 41. h6 1-0

[Event "Bodensee-Cup 1st"]
[Site "Germany"]
[Date "1995.??.??"]
[Round "?"]
[White "Summermatter, Daniel"]
[Black "Braeuning, Rudolf Wilhelm"]
[Result "0-1"]
[WhiteElo "2360"]
[BlackElo "2270"]
[PlyCount "50"]
[EventDate "1995.??.??"]
[EventType "team-tourn"]
[EventRounds "3"]
[EventCountry "GER"]
[SourceTitle "EXT 1999"]
[Source "ChessBase"]
[SourceDate "1998.11.16"]
[SourceVersion "1"]
[SourceVersionDate "1998.11.16"]
[SourceQuality "1"]
[WhiteTeam "Switzerland"]
[BlackTeam "Wuerttemberg"]
[WhiteTeamCountry "SUI"]
[BlackTeamCountry "GER"]

1. d4 Nf6 2. Nf3 e6 3. Bg5 h6 4. Bxf6 Qxf6 5. e4 d6 6. Nc3 g6 7. Qd2 Bg7 8. Bb5+ Nc6 9. e5 Qf4 10. Bd3 Qg4 11. Kf1 dxe5 12. dxe5 Nxe5 13. Nxe5 Bxe5 14. h4 Bd7 15. Ne4 Qf4 16. Qb4 0-0-0 17. Rh3 f5 18. Rf3 Qg4 19. Re1 Bc6 20. Rfe3 Rxd3 21. cxd3 fxe4 22. Qc5 exd3 23. f3 Bd4 24. Qc4 Qxh4 25. Rxd3 Qf2# 0-1

[Event "Bern op"]
[Site "Bern"]
[Date "1995.??.??"]
[Round "2"]
[White "Summermatter, Daniel"]
[Black "Savchenko, Stanislav"]
[Result "0-1"]
[WhiteElo "2360"]
[BlackElo "2585"]
[PlyCount "74"]
[EventDate "1995.02.??"]
[EventType "swiss"]
[EventRounds "9"]
[EventCountry "SUI"]
[SourceTitle "EXT 2000"]
[Source "ChessBase"]
[SourceDate "1999.11.16"]
[SourceVersion "1"]
[SourceVersionDate "1999.11.16"]
[SourceQuality "1"]

1. d4 d5 2. g3 Bf5 3. Bg2 e6 4. Nf3 Nf6 5. 0-0 Be7 6. c4 c6 7. Nc3 0-0 8. Qb3 Qb6 9. c5 Qa6 10. Bf4 Nbd7 11. Rfc1 b6 12. cxb6 axb6 13. a4 h6 14. Nd2 Rfc8 15. e4 Bg4 16. Bf1 Qa5 17. f3 Bh5 18. Qc2 Qb4 19. Nb3 Bxf3 20. Bd2 Nxe4 21. Nxd5 Qd6 22. Nxe7+ Qxe7 23. Be1 Ng5 24. Nd2 Bd5 25. Ra3 Nf6 26. h4 Nge4 27. Nc4 Qd8 28. Ne3 Nd6 29. Nxd5 cxd5 30. Qb1 Nfe4 31. Rxc8 Rxc8 32. b4 Nc4 33. Ra1 Ncd2 34. Qd1 Qf6 35. Bg2 Qxd4+ 36. Kh2 Qb2 37. a5 Nf1+ 0-1